<?xml version="1.0" encoding="UTF-8"?>
<record
    xmlns:xsi="http://www.w3.org/2001/XMLSchema-instance"
    xsi:schemaLocation="http://www.loc.gov/MARC21/slim http://www.loc.gov/standards/marcxml/schema/MARC21slim.xsd"
    xmlns="http://www.loc.gov/MARC21/slim">

  <leader>00545nam a2200193Ia 4500</leader>
  <controlfield tag="005">20220916135840.0</controlfield>
  <controlfield tag="008">210716s2002    xx            000 0 und d</controlfield>
  <datafield tag="020" ind1=" " ind2=" ">
    <subfield code="a">8177222937</subfield>
  </datafield>
  <datafield tag="040" ind1=" " ind2=" ">
    <subfield code="c">AIMIT LIBRARY</subfield>
  </datafield>
  <datafield tag="041" ind1=" " ind2=" ">
    <subfield code="a">eng</subfield>
  </datafield>
  <datafield tag="082" ind1=" " ind2=" ">
    <subfield code="a">006.671 </subfield>
    <subfield code="2">1</subfield>
    <subfield code="b">MCGM</subfield>
  </datafield>
  <datafield tag="100" ind1=" " ind2=" ">
    <subfield code="a">Mcgrath, Mike.</subfield>
    <subfield code="9">57776</subfield>
  </datafield>
  <datafield tag="245" ind1=" " ind2=" ">
    <subfield code="a">Java server pages: </subfield>
    <subfield code="b">easy steps /</subfield>
    <subfield code="c">By Mike Mcgrath.</subfield>
  </datafield>
  <datafield tag="250" ind1=" " ind2=" ">
    <subfield code="a">1st ed</subfield>
  </datafield>
  <datafield tag="260" ind1=" " ind2=" ">
    <subfield code="a">New Delhi :</subfield>
    <subfield code="b">Dreamtech ,</subfield>
    <subfield code="c">2002.</subfield>
  </datafield>
  <datafield tag="300" ind1=" " ind2=" ">
    <subfield code="a">192p. ;</subfield>
    <subfield code="b">PB</subfield>
    <subfield code="c">23 cm</subfield>
  </datafield>
  <datafield tag="650" ind1=" " ind2=" ">
    <subfield code="a">Java Programming</subfield>
    <subfield code="9">57777</subfield>
  </datafield>
  <datafield tag="942" ind1=" " ind2=" ">
    <subfield code="2">ddc</subfield>
    <subfield code="c">BK</subfield>
    <subfield code="e">1st</subfield>
    <subfield code="k">006.671 MCGM</subfield>
  </datafield>
  <datafield tag="999" ind1=" " ind2=" ">
    <subfield code="c">186485</subfield>
    <subfield code="d">186485</subfield>
  </datafield>
  <datafield tag="952" ind1=" " ind2=" ">
    <subfield code="0">0</subfield>
    <subfield code="1">0</subfield>
    <subfield code="2">ddc</subfield>
    <subfield code="4">0</subfield>
    <subfield code="7">0</subfield>
    <subfield code="8">MCA</subfield>
    <subfield code="a">AIMIT</subfield>
    <subfield code="b">AIMIT</subfield>
    <subfield code="d">2022-09-16</subfield>
    <subfield code="e">Sita Book House</subfield>
    <subfield code="g">89.00</subfield>
    <subfield code="i">Bill no:5696; Bill dt:2004-07-12</subfield>
    <subfield code="l">3</subfield>
    <subfield code="o">006.671 MCGM</subfield>
    <subfield code="p">MCA05993</subfield>
    <subfield code="r">2025-07-21 00:00:00</subfield>
    <subfield code="s">2024-11-28</subfield>
    <subfield code="v">66.75</subfield>
    <subfield code="w">2021-07-16</subfield>
    <subfield code="y">BK</subfield>
  </datafield>
  <datafield tag="952" ind1=" " ind2=" ">
    <subfield code="0">0</subfield>
    <subfield code="1">0</subfield>
    <subfield code="2">ddc</subfield>
    <subfield code="4">0</subfield>
    <subfield code="7">0</subfield>
    <subfield code="8">MCA</subfield>
    <subfield code="a">AIMIT</subfield>
    <subfield code="b">AIMIT</subfield>
    <subfield code="d">2022-09-16</subfield>
    <subfield code="e">Sita Book House</subfield>
    <subfield code="g">89.00</subfield>
    <subfield code="i">Bill no:5696; Bill dt:2004-07-12</subfield>
    <subfield code="l">3</subfield>
    <subfield code="o">006.671 MCGM</subfield>
    <subfield code="p">MCA05994</subfield>
    <subfield code="r">2025-07-21 00:00:00</subfield>
    <subfield code="s">2025-01-04</subfield>
    <subfield code="v">66.75</subfield>
    <subfield code="w">2021-07-16</subfield>
    <subfield code="y">BK</subfield>
  </datafield>
  <datafield tag="952" ind1=" " ind2=" ">
    <subfield code="0">0</subfield>
    <subfield code="1">0</subfield>
    <subfield code="2">ddc</subfield>
    <subfield code="4">0</subfield>
    <subfield code="7">0</subfield>
    <subfield code="8">MCA</subfield>
    <subfield code="a">AIMIT</subfield>
    <subfield code="b">AIMIT</subfield>
    <subfield code="d">2022-09-16</subfield>
    <subfield code="e">Sita Book House</subfield>
    <subfield code="g">89.00</subfield>
    <subfield code="i">Bill no:5696; Bill dt:2004-07-12</subfield>
    <subfield code="l">2</subfield>
    <subfield code="o">006.671 MCGM</subfield>
    <subfield code="p">MCA05995</subfield>
    <subfield code="r">2025-07-21 00:00:00</subfield>
    <subfield code="s">2024-11-28</subfield>
    <subfield code="v">71.20</subfield>
    <subfield code="w">2021-07-16</subfield>
    <subfield code="y">BK</subfield>
  </datafield>
  <datafield tag="952" ind1=" " ind2=" ">
    <subfield code="0">0</subfield>
    <subfield code="1">0</subfield>
    <subfield code="2">ddc</subfield>
    <subfield code="4">0</subfield>
    <subfield code="7">0</subfield>
    <subfield code="8">MCA</subfield>
    <subfield code="a">AIMIT</subfield>
    <subfield code="b">AIMIT</subfield>
    <subfield code="d">2022-09-16</subfield>
    <subfield code="e">Sita Book House</subfield>
    <subfield code="g">89.00</subfield>
    <subfield code="i">Bill no:5696; Bill dt:2004-07-12</subfield>
    <subfield code="l">1</subfield>
    <subfield code="o">006.671 MCGM</subfield>
    <subfield code="p">MCA05996</subfield>
    <subfield code="r">2025-07-21 00:00:00</subfield>
    <subfield code="s">2023-03-29</subfield>
    <subfield code="v">71.20</subfield>
    <subfield code="w">2021-07-16</subfield>
    <subfield code="y">BK</subfield>
  </datafield>
  <datafield tag="952" ind1=" " ind2=" ">
    <subfield code="0">0</subfield>
    <subfield code="1">0</subfield>
    <subfield code="2">ddc</subfield>
    <subfield code="4">0</subfield>
    <subfield code="7">0</subfield>
    <subfield code="8">MCA</subfield>
    <subfield code="a">AIMIT</subfield>
    <subfield code="b">AIMIT</subfield>
    <subfield code="d">2022-09-16</subfield>
    <subfield code="e">Sita Book House</subfield>
    <subfield code="g">89.00</subfield>
    <subfield code="i">Bill no:5696; Bill dt:2004-07-12</subfield>
    <subfield code="l">2</subfield>
    <subfield code="o">006.671 MCGM</subfield>
    <subfield code="p">MCA05997</subfield>
    <subfield code="r">2025-07-21 00:00:00</subfield>
    <subfield code="s">2024-11-28</subfield>
    <subfield code="v">71.20</subfield>
    <subfield code="w">2021-07-16</subfield>
    <subfield code="y">BK</subfield>
  </datafield>
  <datafield tag="952" ind1=" " ind2=" ">
    <subfield code="0">0</subfield>
    <subfield code="1">0</subfield>
    <subfield code="2">ddc</subfield>
    <subfield code="4">0</subfield>
    <subfield code="7">0</subfield>
    <subfield code="8">MCA</subfield>
    <subfield code="a">AIMIT</subfield>
    <subfield code="b">AIMIT</subfield>
    <subfield code="d">2022-09-16</subfield>
    <subfield code="e">Sita Book House</subfield>
    <subfield code="g">89.00</subfield>
    <subfield code="i">Bill no:5696; Bill dt:2004-07-12</subfield>
    <subfield code="l">6</subfield>
    <subfield code="o">006.671 MCGM</subfield>
    <subfield code="p">MCA05998</subfield>
    <subfield code="r">2025-07-21 00:00:00</subfield>
    <subfield code="s">2025-01-04</subfield>
    <subfield code="v">71.20</subfield>
    <subfield code="w">2021-07-16</subfield>
    <subfield code="y">BK</subfield>
  </datafield>
  <datafield tag="952" ind1=" " ind2=" ">
    <subfield code="0">0</subfield>
    <subfield code="1">0</subfield>
    <subfield code="2">ddc</subfield>
    <subfield code="4">0</subfield>
    <subfield code="7">3</subfield>
    <subfield code="8">MCA</subfield>
    <subfield code="a">AIMIT</subfield>
    <subfield code="b">AIMIT</subfield>
    <subfield code="d">2022-09-16</subfield>
    <subfield code="e">Sita Book House</subfield>
    <subfield code="g">89.00</subfield>
    <subfield code="i">Bill no:5696; Bill dt:2004-07-12</subfield>
    <subfield code="l">0</subfield>
    <subfield code="o">006.671 MCGM</subfield>
    <subfield code="p">MCA05999</subfield>
    <subfield code="r">2025-07-21 00:00:00</subfield>
    <subfield code="v">71.20</subfield>
    <subfield code="w">2021-07-16</subfield>
    <subfield code="y">BK</subfield>
  </datafield>
  <datafield tag="952" ind1=" " ind2=" ">
    <subfield code="0">0</subfield>
    <subfield code="1">0</subfield>
    <subfield code="2">ddc</subfield>
    <subfield code="4">0</subfield>
    <subfield code="7">0</subfield>
    <subfield code="8">MCA</subfield>
    <subfield code="a">AIMIT</subfield>
    <subfield code="b">AIMIT</subfield>
    <subfield code="d">2022-09-16</subfield>
    <subfield code="e">Sita Book House</subfield>
    <subfield code="g">89.00</subfield>
    <subfield code="i">Bill no:5696; Bill dt:2004-07-12</subfield>
    <subfield code="l">1</subfield>
    <subfield code="o">006.671 MCGM</subfield>
    <subfield code="p">MCA06000</subfield>
    <subfield code="r">2025-07-21 00:00:00</subfield>
    <subfield code="s">2024-10-15</subfield>
    <subfield code="v">71.20</subfield>
    <subfield code="w">2021-07-16</subfield>
    <subfield code="y">BK</subfield>
  </datafield>
  <datafield tag="952" ind1=" " ind2=" ">
    <subfield code="0">0</subfield>
    <subfield code="1">0</subfield>
    <subfield code="2">ddc</subfield>
    <subfield code="4">0</subfield>
    <subfield code="7">0</subfield>
    <subfield code="8">MCA</subfield>
    <subfield code="a">AIMIT</subfield>
    <subfield code="b">AIMIT</subfield>
    <subfield code="d">2004-07-12</subfield>
    <subfield code="e">Sita Book House</subfield>
    <subfield code="g">89.00</subfield>
    <subfield code="i">Bill no:5696; Bill dt:2004-07-12</subfield>
    <subfield code="l">4</subfield>
    <subfield code="o">006.671 MCGM</subfield>
    <subfield code="p">MCA06001</subfield>
    <subfield code="r">2025-07-21 00:00:00</subfield>
    <subfield code="s">2025-01-04</subfield>
    <subfield code="v">71.20</subfield>
    <subfield code="w">2021-07-16</subfield>
    <subfield code="y">BK</subfield>
  </datafield>
  <datafield tag="952" ind1=" " ind2=" ">
    <subfield code="0">0</subfield>
    <subfield code="1">0</subfield>
    <subfield code="2">ddc</subfield>
    <subfield code="4">0</subfield>
    <subfield code="7">0</subfield>
    <subfield code="8">MCA</subfield>
    <subfield code="a">AIMIT</subfield>
    <subfield code="b">AIMIT</subfield>
    <subfield code="d">2022-09-16</subfield>
    <subfield code="e">Sita Book House</subfield>
    <subfield code="g">89.00</subfield>
    <subfield code="i">Bill no:5696; Bill dt:2004-07-12</subfield>
    <subfield code="l">2</subfield>
    <subfield code="o">006.671 MCGM</subfield>
    <subfield code="p">MCA06002</subfield>
    <subfield code="r">2025-07-21 00:00:00</subfield>
    <subfield code="s">2024-10-29</subfield>
    <subfield code="v">71.20</subfield>
    <subfield code="w">2021-07-16</subfield>
    <subfield code="y">BK</subfield>
  </datafield>
</record>
